| 000 | 00868nam0a22002171i 4500 | ||
|---|---|---|---|
| 001 | rc\4086182 | ||
| 005 | 20240724145907.0 | ||
| 035 | _a(NLR Aleph) 007970346 | ||
| 090 |
_a8455536 _c8455536 |
||
| 100 | _a20130415d1950 |||y0rusy50 ca | ||
| 101 | 0 | _arus | |
| 102 | _aRU | ||
| 105 | _ay d ||||| | ||
| 200 | 1 |
_aСоветская власть в борьбе за проведение на местах ленинско-сталинской продовольственной политики _e(По материалам Тверск. губ. 1917-1918 гг.) _eАвтореф. дис. на соискание учен. степени канд. ист. наук |
|
| 210 |
_aКалинин _d1950 |
||
| 215 |
_a18 с. _d19 |
||
| 700 | 1 |
_aПолесова _bЛ.П. |
|
| 801 | 0 |
_aRU _bNLR _gpsbo |
|
| 801 | 1 |
_aRU _bELAR _2rusmarc |
|
| 852 |
_aNLR _jИр50 Г-4/1554 |
||
| 942 | _cBOOK | ||